| 000 | 00730nam a22002655a 4500 | ||
|---|---|---|---|
| 001 | 15720719 | ||
| 003 | OSt | ||
| 005 | 20150703142251.0 | ||
| 008 | 090501s2009 inu 000 0 eng | ||
| 010 | _a 2009927851 | ||
| 020 | _a9780470436400 | ||
| 040 | _aSEKU | ||
| 050 |
_aT 385 _b.F5 2010 |
||
| 100 | 1 | _aFinkelstein, Ellen. | |
| 245 | 1 | 0 |
_aAutocad 2010 & autocad lt 2010 bible _cEllen Finkelstein ; [edited by] Laura. |
| 250 | _a1st ed. | ||
| 260 |
_aIndianapolis, IN : _bWiley Pub., Inc., _c2009. |
||
| 263 | _a0906 | ||
| 300 |
_a1250 p. : _bill. |
||
| 504 | _aIncludes bibliographical refrences | ||
| 630 | _aAutoCAD. | ||
| 630 | _aComputer graphics | ||
| 630 | _aComputer-aided design. | ||
| 942 |
_2lcc _cGEN |
||
| 999 |
_c5154 _d5154 |
||